Cleveland Skyscrapers Quiz Stats

 Plays Quiz not verified by Sporcle

Challenge
Share
Tweet
Score 0/15 Timer 10:00
0 Plays Today
% Correct
Key Tower
94.7%
Terminal Tower
84.2%
BP Tower
78.9%
55 Public Square
78.9%
Ernst & Young Tower
68.4%
Anthony J. Celebreeze
68.4%
Carl B. Stokes Federal Courthouse
63.2%
One Cleveland Center
52.6%
% Correct
Tower at Erieview
52.6%
North Point Tower
47.4%
PNC Center
42.1%
Fifth Third Center
42.1%
Standard Building
42.1%
Crittenden
36.8%
Justice Center Courts Tower
31.6%

You're not logged in!

Compare scores with friends on all Sporcle quizzes.
Join for Free
OR
Log In

You Might Also Like...

Show Comments

Extras

Created Jul 12, 2016ReportNominate
Tags:Cleveland, skyscraper

Top Quizzes Today


Score Distribution

Your Account Isn't Verified!

In order to create a playlist on Sporcle, you need to verify the email address you used during registration. Go to your Sporcle Settings to finish the process.

Report this User

Report this user for behavior that violates our Community Guidelines.

Details: